Home extensions (Record no. 105070)

MARC details
000 -LEADER
fixed length control field 01201cam a2200241 4500
001 - CONTROL NUMBER
control field ##L132247
008 - FIXED-LENGTH DATA ELEMENTS--GENERAL INFORMATION
fixed length control field 060120n2004 000 0 eng u
020 ## - INTERNATIONAL STANDARD BOOK NUMBER
International Standard Book Number 1843303736
035 ## - SYSTEM CONTROL NUMBER
System control number (Sirsi) u132247
041 0# - LANGUAGE CODE
Language code of text/sound track or separate title eng
050 04 - LIBRARY OF CONGRESS CALL NUMBER
Classification number 690.231 $2 18
100 1# - MAIN ENTRY--PERSONAL NAME
Personal name Hymers, Paul
245 00 - TITLE STATEMENT
Title Home extensions
Remainder of title the complete handbook
260 ## - PUBLICATION, DISTRIBUTION, ETC.
Place of publication, distribution, etc. London
Name of publisher, distributor, etc. New Holland
Date of publication, distribution, etc. 2004
300 ## - PHYSICAL DESCRIPTION
Extent 176pp
Dimensions 21cm.
350 ## - PRICE (NR) (BK AM CF MU VM SE) [OBSOLETE]
Price 7.99
505 2# - FORMATTED CONTENTS NOTE
Formatted contents note Introduction -- Section one: planning -- preliminaries -- plans -- builders -- Section two: substructure -- superstructure -- internal work -- external work --Glossary -- Useful phone numbers.
520 ## - SUMMARY, ETC.
Summary, etc. Provides all the information needed to proceed with a home extension whether do-it-yourself or subcontracting all or some of the work. Covers: designing the extension - DIY versus professional help, substructure, superstructure, internal and external work, site inspection, drainage and restrictive covenants, builders and architects - how to employ, and finance, insurance and warranty schemes.
651 #4 - SUBJECT ADDED ENTRY--GEOGRAPHIC NAME
Geographic name United Kingdom
Chronological subdivision
690 ## - LOCAL SUBJECT ADDED ENTRY--TOPICAL TERM (OCLC, RLIN)
Topical term or geographic name as entry element BUILT ENVIRONMENT-CONSTRUCTION MANAGEMENT-CONSTRUCTION DESIGN AND MANAGEMENT
942 ## - ADDED ENTRY ELEMENTS (KOHA)
Suppress in OPAC 0
Holdings
Withdrawn status Lost status Source of classification or shelving scheme Damaged status Not for loan Home library Current library Shelving location Date acquired Cost, normal purchase price Total Checkouts Full call number Barcode Date last seen Date last checked out Copy number Cost, replacement price Price effective from Koha item type
    Dewey Decimal Classification     London London Books 21/07/2006 7.79 12 690.231 HYM 30071917 06/08/2019 20/01/2010 1 7.79 06/08/2019 Book